ARRUPE JESUIT UNIVERSITY

CORONAVIRUS -STOP THE SPREAD - CLEAN,DISINFECT,COVER

The Bloomsbury group : (Record no. 123532)

MARC details
000 -LEADER
fixed length control field 00940cam a2200289 i 4500
001 - CONTROL NUMBER
control field 1278100
003 - CONTROL NUMBER IDENTIFIER
control field ARRUPE
005 - DATE AND TIME OF LATEST TRANSACTION
control field 20151020111218.0
008 - FIXED-LENGTH DATA ELEMENTS--GENERAL INFORMATION
fixed length control field 760109s1975 oncaf b 000 0deng
010 ## - LIBRARY OF CONGRESS CONTROL NUMBER
LC control number 75331714
015 ## - NATIONAL BIBLIOGRAPHY NUMBER
National bibliography number C***
020 ## - INTERNATIONAL STANDARD BOOK NUMBER
International Standard Book Number 0802021824. 0802062687 pbk.
022 ## - INTERNATIONAL STANDARD SERIAL NUMBER
International Standard Serial Number 0802062687
040 ## - CATALOGING SOURCE
Original cataloging agency DLC
Transcribing agency DLC
Modifying agency DLC
043 ## - GEOGRAPHIC AREA CODE
Geographic area code e-uk-en
050 00 - LIBRARY OF CONGRESS CALL NUMBER
Classification number DA688
Item number .B65
082 00 - DEWEY DECIMAL CLASSIFICATION NUMBER
Classification number 942.1/082
300 ## - PHYSICAL DESCRIPTION
Other physical details ill. ;
Dimensions 23cm.
100 ## - MAIN ENTRY--PERSONAL NAME
Personal name Rosenbaum, S. P.
9 (RLIN) 20310
245 04 - TITLE STATEMENT
Title The Bloomsbury group :
Remainder of title a collection of memoirs, commentary, and criticism /
Statement of responsibility, etc edited by S. P. Rosenbaum.
260 ## - PUBLICATION, DISTRIBUTION, ETC. (IMPRINT)
Place of publication, distribution, etc Toronto ;
-- Buffalo :
Name of publisher, distributor, etc University of Toronto Press,
Date of publication, distribution, etc c1975.
300 ## - PHYSICAL DESCRIPTION
Extent xxi, 444 p.;
504 ## - BIBLIOGRAPHY, ETC. NOTE
Bibliography, etc Bibliography: p. 417-434.
651 #0 - SUBJECT ADDED ENTRY--GEOGRAPHIC NAME
Geographic name London
General subdivision Intellectual life
9 (RLIN) 20311
700 1# - ADDED ENTRY--PERSONAL NAME
Personal name Rosenbaum, S. P.
Fuller form of name (Stanford Patrick),
Dates associated with a name 1929-2012.
9 (RLIN) 20312
906 ## - LOCAL DATA ELEMENT F, LDF (RLIN)
a 7
b cbc
c orignew
d 3
e ncip
f 19
g y-gencatlg
942 ## - ADDED ENTRY ELEMENTS (KOHA)
Source of classification or shelving scheme Library of Congress Classification
Koha item type Monograph ( Printed materials)
Holdings
Withdrawn status Lost status Source of classification or shelving scheme Damaged status Not for loan Collection code Home library Current library Shelving location Date acquired Total Checkouts Full call number Barcode Date last seen Price effective from Koha item type
    Library of Congress Classification     Main Collection ARRUPE LIBRARY ARRUPE LIBRARY Main Collection 20/10/2015   DA688.B65 46500005506 27/10/2017 20/10/2015 Monograph ( Printed materials)

 

Arrupe Library. PO Box MP320 Mt Pleasant, Harare, Zimbabwe
263 242 745411|librarian@aju.ac.zw